Education for social workers in the public social services / (Record no. 50605)
[ view plain ]
| 000 -LEADER | |
|---|---|
| fixed length control field | 00929nam a2200253 a 4500 |
| 001 - CONTROL NUMBER | |
| control field | 50605 |
| 003 - CONTROL NUMBER IDENTIFIER | |
| rucl marc code | BD-RjUL |
| 005 - DATE AND TIME OF LATEST TRANSACTION | |
| control field | 20211209075533.0 |
| 008 - FIXED-LENGTH DATA ELEMENTS--GENERAL INFORMATION | |
| fixed length control field | 160828s1959 nyu b 000 0 eng |
| 035 ## - SYSTEM CONTROL NUMBER | |
| System control number | (BD-RjUL) 50725 |
| 040 ## - CATALOGING SOURCE | |
| Original cataloging agency | DLC |
| Transcribing agency | Wa |
| Modifying agency | DLC |
| -- | BD-RjUL |
| Language of cataloging | eng |
| 041 ## - LANGUAGE CODE | |
| Language code of text/sound track or separate title | eng |
| 082 00 - DEWEY DECIMAL CLASSIFICATION NUMBER | |
| Classification number | 361.07 |
| Edition number | 23 |
| Author mark and year | WEE 1959 |
| 100 1# - MAIN ENTRY--PERSONAL NAME | |
| Personal name | Weissman, Irving, |
| Dates associated with a name | 1905- |
| 9 (RLIN) | 151526 |
| 245 10 - TITLE STATEMENT | |
| Title | Education for social workers in the public social services / |
| Statement of responsibility, etc. | Irving Weissman, Mary R. Baker. |
| 260 ## - PUBLICATION, DISTRIBUTION, ETC. (IMPRINT) | |
| Place of publication, distribution, etc. | New York : |
| Name of publisher, distributor, etc. | Council on Social Work Education, |
| Date of publication, distribution, etc. | c1959 |
| 300 ## - PHYSICAL DESCRIPTION | |
| Pagination | Vol. ; |
| Size | 24 cm. |
| 504 ## - BIBLIOGRAPHY, ETC. NOTE | |
| Bibliography, etc | Includes bibliographical footnotes. |
| 505 0# - FORMATTED CONTENTS NOTE | |
| Formatted contents note | Vol. 7 (A Project report of the curriculum study / Werner W. Boehm, Director and Coordinator)-- |
| 650 #0 - SUBJECT ADDED ENTRY--TOPICAL TERM | |
| Topical term or geographic name as entry element | Public welfare |
| General subdivision | Study and teaching. |
| 9 (RLIN) | 151527 |
| Topical term or geographic name as entry element | Child welfare |
| General subdivision | Study and teaching. |
| 9 (RLIN) | 151528 |
| 700 1# - ADDED ENTRY--PERSONAL NAME | |
| Personal name | Baker, Mary R., |
| Relator term | joint author. |
| 942 ## - ADDED ENTRY ELEMENTS (KOHA) | |
| Source of classification or shelving scheme | Dewey Decimal Classification |
| Koha item type | Books |
| Lost status | Source of classification or shelving scheme | Damaged status | Not for loan | Collection code | Permanent Location | Current Location | Shelving location | Date acquired | Source of acquisition | Total Checkouts | Full call number | Date last seen | Copy number | Koha item type |
|---|---|---|---|---|---|---|---|---|---|---|---|---|---|---|
| Dewey Decimal Classification | Non-fiction | Central Library, University of Rajshahi | Central Library, University of Rajshahi | 24/03/1965 | Miss Eva. R. Younge | 361.07 WEE V-7 1959 | 28/08/2016 | C-2 | Books |